000 01311nam0a22002651 4500
001 rc\2770747
005 20250810044108.0
035 _a(NLR Aleph) 006897127
090 _a7208644
_c7208644
100 _a20110915d1941 u y0rusy50 ca
101 0 _arus
102 _aRU
105 _aa j |||||
200 1 _aУчебно-опытный участок при школе
_eМетод. указания для неполной средней и средней сельск. школы
_fСост. С. В. Щукин
_gУпр. начальных и средних школ НКП РСФСР. Центр. станция юных натуралистов и опытников сельского хозяйства
210 _aМосква
_cНаркомпрос РСФСР
_d1941
215 _a56 с.
_cил., табл.
_d22 см.
320 _aБиблиогр.: "Что читать по вопросам опытно-натуралистич. работы на пришкольном участке". (Стр. 55-56)
700 1 _aЩукин
_bС.В.
_gСергей Васильевич
801 0 _aRU
_bNLR
_gpsbo
801 1 _aRU
_bELAR
_2rusmarc
852 _aNLR
_jПр20 Г-6/160
942 _cBOOK
945 _aРоссийская национальная библиотека
980 _aNB
980 _aBV